|
|
|
|
| LEADER |
01311nam a2200277 a 4500 |
| 001 |
14532289 |
| 003 |
BD-DhAAL |
| 008 |
090722s2005 bg ab b i000 0 eng d |
| 010 |
|
|
|a 2006561708
|
| 040 |
|
|
|a DLC
|c DLC
|d DLC
|d BD-DhAAL
|
| 082 |
0 |
0 |
|a 333.9117095492
|2 22
|
| 245 |
0 |
0 |
|a Bangladesh country water resources :
|b assistance strategy.
|
| 260 |
|
|
|a [Dhaka] :
|b World Bank Office, Dhaka,
|c 2005.
|
| 300 |
|
|
|a xiii, 64 pages :
|b ill., map ;
|c 31 cm.
|
| 490 |
0 |
|
|a Bangladesh development series ;
|v paper no. 3
|
| 500 |
|
|
|a "Document of the World Bank.
|
| 504 |
|
|
|a Includes bibliographical references (p. 61-62).
|
| 526 |
|
|
|x Salim khan
Sr. program Associate
James P. Grant School.
Course name and no. N/A
|
| 541 |
1 |
|
|a A H Development publishing house
|e 00018468
|
| 650 |
|
0 |
|a Water resources development
|z Bangladesh.
|9 7516
|
| 650 |
|
0 |
|a Water-supply
|z Bangladesh
|x Management.
|9 7517
|
| 710 |
2 |
|
|a World Bank.
|b Bangladesh Dhaka Office.
|9 7518
|
| 852 |
4 |
|
|a SPH
|j General Shelf.
|
| 942 |
|
|
|2 ddc
|c BK
|
| 999 |
|
|
|c 2692
|d 2692
|
| 952 |
|
|
|0 0
|1 0
|2 ddc
|4 0
|6 333_911709549200000_BAN
|7 0
|9 2473
|a JPGSPH
|b JPGSPH
|d 2009-04-29
|e A H Development Publishing House.
|g 7800.00
|l 0
|o 333.9117095492 BAN
|p 3060018468
|r 2009-07-22
|t 1
|w 2009-07-22
|y BK
|x Requisitioned by Salim khan, Sr. program Associate, James P. Grant School. Course name and no. N/A
|